Comunicación social e información de masas / Jorge Xifra Heras
Descripción Física:
36 p. ; 24 cm
Materias:
Comunicació
MARC
| LEADER | 00000nam a2200000Ia 4500 | ||
|---|---|---|---|
| 001 | 8942 | ||
| 008 | 160829s9999 xx 000 0 cat d | ||
| 080 | |a FU-9-49 | ||
| 100 | 1 | |a Xifra Heras, Jorge, |d 1926-1990 |9 22480 | |
| 245 | |a Comunicación social e información de masas / Jorge Xifra Heras | ||
| 260 | |a Barcelona : |b Diputación Provincial de Barcelona. Instituto de Ciencias Sociales, dl 1963 | ||
| 300 | |a 36 p. ; |c 24 cm | ||
| 650 | |a Comunicació |9 22995 | ||
| 710 | 2 | |a Instituto de Ciencias Sociales (Barcelona, Catalunya) |9 54508 | |
| 901 | |a Arxiu | ||
| 942 | |n 1 | ||
| 952 | |0 0 |1 0 |4 0 |6 FU949 |7 1 |9 43734 |a Arxiu |b Arxiu |d 2016-12-01 |l 0 |o FU-9-49 |p 8942 |r 2016-12-01 00:00:00 |w 2016-12-01 |y ARXIU | ||
| 999 | |c 46282 |d 46282 | ||